000 00722nam a2200229 a 4500
001 000009148
003 DO-SdBNP
005 20240229161930.0
007 ta
008 090928s1957 dr 001 0 spa d
040 _aDO-SdBNP
_bspa
_cBNPHU
082 _axxx
_bP438e
100 1 _aPérez, Carlos Federico,
_d1912-1984
_924849
245 1 3 _aLa experiencia de Martín Fierro /
_cCarlos Federico Pérez Pérez.
260 _aCiudad Trujillo, República Dominicana :
_bArte y Cine,
_c1957.
300 _a87 p. ;
_c18 cm.
500 _aIncluye datos biográficos en la solapa de la cubierta
590 _aEjempla autografiado por el autor.
590 _aInventariado, 2022/ YL
910 _aYLockward
942 _2ddc
_cLBS1
999 _c8912
_d8912